00602nam a22001817a 450000500170000001000110001702000100002803500110003803700160004904000120006508200160007710000170009324501730011026000520028330000210033565000490035665000150040520170124110217.0 a646429 c00.00 a646429 bCen Lib/Ret aDPLbEN a220.24bANN aAnnie Besant aThe wisdom of the Upanishats :cby Annie Besantbfour lectures delivered at the thirty-first anniversary meeting of the Theosophical Society, at Adyar, December, 1906 / aBenares bTheosophical Publishing Societyc1907 a103p. c18cm(Hb) aUpanishads -- Criticism, interpretation, etc aUpanishads